000 00361nam a2200157Ia 4500
100 _aDunham/Margaret H
942 _cBK
366 _f20
654 _adata mining
245 _aData Mining :Introductory and advanced topics
260 _bPearson Education
_aMumbai
_c2006
082 _a658.403/DUN
_bDUN
300 _a309
546 _aENGLISH
999 _c33692
_d33692